000 00876nas a2200301 4500
001 BR2013007051
003 BR-BrBNA
005 20231205122855.0
007 ta
008 230509b bl.|||p| |||| 00| 00por d
040 _aBR-BrBNA
_bpor
_cBiblioteca Nacional de Agricultura
041 _a(Pt)
072 _aL40; L53
100 1 _aVargas, H.A.
100 1 _aMielke, O.H.H.
100 1 _aCasagrande, M.M.
100 1 _aParra, L.E.
245 1 _aImaturos de Chrismopteryx undularia (Blanchard)(Lepidoptera, Geometridae)
650 _aINSETO
650 _aLEPIDOPTERO
650 _aMORFOLOGIA ANIMAL
650 _aOVOGENESE
650 _aLARVA
650 _aPUPA
773 0 _tRevista Brasileira de Entomologia (Brazil)
_xISSN 0085-5626
_g(Oct-Dec 2010), v. 54(4) p. 519-528
_wBR2013007051
909 _a202311
_bLúcia
_c55
_dLúcia Elande
942 _2AGRIS
_n0
_cANA
999 _c231027
_d231027